| 000 | 00617nam a22002051 4500 | ||
|---|---|---|---|
| 003 | OSt | ||
| 005 | 20150323100758.0 | ||
| 008 | 981210s1965 sp spa | ||
| 040 | _cBMC | ||
| 082 | _a823 | ||
| 100 | 1 |
_aShute, Nevil _932307 _d1899-1960 |
|
| 245 | 1 | 3 |
_aLa hora final _cNevil Shute ; [traducción, Fernando Barango Solís y Manuel de la Escalera] |
| 260 |
_aBarcelona _bClub de Lectores _c1965 |
||
| 300 |
_a273 p. _c20 cm |
||
| 490 | 0 |
_aLibros Reno _v20 |
|
| 650 | 2 | 4 |
_911162 _aNovela inglesa |
| 700 | 1 |
_aBarangó-Solís, Fernando _932166 |
|
| 700 | 1 |
_aEscalera, Manuel de la _913139 |
|
| 942 |
_2ddc _cBK |
||
| 999 |
_c19193 _d19193 |
||